000
00254nam a2200097Ia 4500
005
20251222114351.0
008
251222s1900||||xx |||||||||||||| ||spa||
082
_a
DVD0080/M91/2008
245
0
_a
En busca de la felicidad:The pursuit of happyness
942
_c
DVD
999
_c
1250
_d
1250